000 00345nam a2200157 i 4500
001 bg
100 1 _aBLECKMANN, C. E.
245 0 _aDie Härterei /
_cC.E. Bleckmann.
250 _a7te Aufl.
260 _aBerlin,
_c1969.
040 _cBPK
041 _apol
080 _a621.785
942 _cKS
008 s pl f |000 0 pol
999 _c11773
_d11773
856 _uhttp://koha.tu.koszalin.pl/cgi-bin/koha/opac-detail.pl?biblionumber=11773
_yKatalog online BPK